<?xml version="1.0" encoding="UTF-8"?>
<record
    xmlns:xsi="http://www.w3.org/2001/XMLSchema-instance"
    xsi:schemaLocation="http://www.loc.gov/MARC21/slim http://www.loc.gov/standards/marcxml/schema/MARC21slim.xsd"
    xmlns="http://www.loc.gov/MARC21/slim">

  <leader>01284nam a22002777a 4500</leader>
  <controlfield tag="003">St Aloysius Coll</controlfield>
  <controlfield tag="005">20251030112959.0</controlfield>
  <controlfield tag="008">251029b        |||||||| |||| 00| 0 eng d</controlfield>
  <datafield tag="020" ind1=" " ind2=" ">
    <subfield code="a">9789353065591</subfield>
  </datafield>
  <datafield tag="040" ind1=" " ind2=" ">
    <subfield code="c">AL</subfield>
  </datafield>
  <datafield tag="041" ind1=" " ind2=" ">
    <subfield code="a">English</subfield>
  </datafield>
  <datafield tag="082" ind1=" " ind2=" ">
    <subfield code="a">616.89</subfield>
    <subfield code="b">BUTA</subfield>
  </datafield>
  <datafield tag="100" ind1=" " ind2=" ">
    <subfield code="a">Jill M Hooley</subfield>
    <subfield code="9">243100</subfield>
  </datafield>
  <datafield tag="245" ind1=" " ind2=" ">
    <subfield code="a">Abnormal psychology</subfield>
  </datafield>
  <datafield tag="250" ind1=" " ind2=" ">
    <subfield code="a">17th</subfield>
  </datafield>
  <datafield tag="260" ind1=" " ind2=" ">
    <subfield code="a">Noida</subfield>
    <subfield code="b">Pearson</subfield>
    <subfield code="c">2024</subfield>
  </datafield>
  <datafield tag="300" ind1=" " ind2=" ">
    <subfield code="a">xxvi,83p</subfield>
    <subfield code="b">PB</subfield>
    <subfield code="c">25x20.5cm.</subfield>
  </datafield>
  <datafield tag="365" ind1=" " ind2=" ">
    <subfield code="2">General</subfield>
    <subfield code="a">4225</subfield>
    <subfield code="b">&#x20B9;832.00</subfield>
    <subfield code="c">&#x20B9;</subfield>
    <subfield code="d">&#x20B9;1040.00</subfield>
    <subfield code="e">20%</subfield>
    <subfield code="f">23/10/2025</subfield>
  </datafield>
  <datafield tag="520" ind1=" " ind2=" ">
    <subfield code="a">Abnormal Psychology, 17e provides a comprehensive and engaging introduction to the primary psychological disorders studied within the discipline. Maintaining a focus on individuals, who are at the heart of the study of abnormal psychology, the authors employ a biopsychosocial approach to help achieve a holistic understanding of the context in which behavioral abnormalities occur. The Seventeenth Edition has also been extensively updated to reflect DSM-5 diagnostic categories, classifications, and criteria.</subfield>
  </datafield>
  <datafield tag="650" ind1=" " ind2=" ">
    <subfield code="2">Abnormal Psychology</subfield>
    <subfield code="a">Psychology</subfield>
    <subfield code="9">243101</subfield>
  </datafield>
  <datafield tag="700" ind1=" " ind2=" ">
    <subfield code="a">Butcher, James N</subfield>
    <subfield code="9">243102</subfield>
  </datafield>
  <datafield tag="700" ind1=" " ind2=" ">
    <subfield code="a">Nock, Mattthew K</subfield>
    <subfield code="9">243167</subfield>
  </datafield>
  <datafield tag="700" ind1=" " ind2=" ">
    <subfield code="a">Mineka, Susan</subfield>
    <subfield code="9">243168</subfield>
  </datafield>
  <datafield tag="700" ind1=" " ind2=" ">
    <subfield code="a">Kapur, Preeti</subfield>
    <subfield code="9">243169</subfield>
  </datafield>
  <datafield tag="942" ind1=" " ind2=" ">
    <subfield code="2">ddc</subfield>
    <subfield code="c">BK</subfield>
  </datafield>
  <datafield tag="999" ind1=" " ind2=" ">
    <subfield code="c">240598</subfield>
    <subfield code="d">240598</subfield>
  </datafield>
  <datafield tag="952" ind1=" " ind2=" ">
    <subfield code="0">0</subfield>
    <subfield code="1">0</subfield>
    <subfield code="2">ddc</subfield>
    <subfield code="4">0</subfield>
    <subfield code="7">0</subfield>
    <subfield code="8">CPSY</subfield>
    <subfield code="a">SACPG</subfield>
    <subfield code="b">SACPG</subfield>
    <subfield code="d">2025-10-28</subfield>
    <subfield code="e">Biblios Book Point</subfield>
    <subfield code="g">832.00</subfield>
    <subfield code="l">0</subfield>
    <subfield code="o">616.89 BUTA</subfield>
    <subfield code="p">PG025113</subfield>
    <subfield code="r">2025-10-29 10:57:51</subfield>
    <subfield code="v">1040.00</subfield>
    <subfield code="w">0000-00-00</subfield>
    <subfield code="y">BK</subfield>
  </datafield>
</record>
